El reino de los animales

Wedi'i Gadw mewn:
Manylion Llyfryddiaeth
Prif Awduron: Berger, Arthur (Awdur), Schmid, Josef (Awdur), Guenther, Konrad (Awdur), Heidenreich, Erich (Awdur), Mell, Rudolf (Awdur), Wolff, Max (Awdur), Zedwitz, Franz Graf (Awdur)
Fformat: Llyfr
Iaith:Sbaeneg
Cyhoeddwyd: Madrid Espasa-Calpe 1953
Pynciau:
Tagiau: Ychwanegu Tag
Dim Tagiau, Byddwch y cyntaf i dagio'r cofnod hwn!

MARC

LEADER 00000nam a2200000 a 4500
001 UCT1396
003 CL-VaPUC
008 960927e19530000SP |||||||||||||||||spa|d
082 0 4 |a 591  |b BER  |2 21 
100 0 |a Berger, Arthur  |e author  |9 370245 
700 0 |a Schmid, Josef  |e author  |9 370246 
700 0 |a Guenther, Konrad  |e author  |9 370247 
700 0 |a Heidenreich, Erich  |e author  |9 370248 
700 0 |a Mell, Rudolf  |e author  |9 370249 
700 0 |a Wolff, Max  |e author  |9 370250 
700 0 |a Zedwitz, Franz Graf  |e author  |9 370251 
245 1 3 |a El reino de los animales 
246 1 3 |a El animal en su medio ambiente 
300 |a v 
942 |c BK 
945 |d 19960927 00:00:00  |a cmena 
260 |a Madrid  |b Espasa-Calpe  |c 1953 
500 |a v.1: Los animales acuáticos y de las regiones polares 
500 |a v.2: Los animales de las estepas, desiertos y montañas 
650 0 |a Zoología  |9 261613 
650 0 |a Animales   |9 269820 
650 0 |a Ciencias físicas y naturales  |9 360507 
650 0 |a Anatomía animal  |9 338540 
650 0 |a Entomología   |9 269835 
583 |a last modification  |c 19960927 00:00:00  |k Rodrigo Vera 
999 |c 251928  |d 251926 
952 |0 0  |1 0  |4 0  |6 591_000000000000000_BER_1953  |7 0  |8 A  |9 271448  |a BIBCUR  |b BIBCUR  |d 2019-11-19  |h v.1  |i 175193K  |o 591 BER 1953  |p 175193K  |r 2025-04-22  |w 2019-11-19  |y BK  |k BCB